| 000 | 00636nam a22001697a 4500 | ||
|---|---|---|---|
| 999 |
_c10040 _d10040 |
||
| 008 | 180726b ||||| |||| 00| 0 eng d | ||
| 082 |
_22017 _aUT 0980 _bC22 |
||
| 100 |
_929647 _aCansing, Paciano A. Jr. |
||
| 245 |
_aWater demand forecast for digos water district _cPaciano A. Cansing Jr., Apple Mae A. Salarda and Shane T. Torres. |
||
| 260 |
_aDigos City: _bUMDC _cNovember 2017. |
||
| 300 |
_a47 pages; _b30 cm. |
||
| 650 | 0 |
_929650 _aEducation _vBiological Science _xUndergraduate thesis. |
|
| 700 |
_929651 _aCansing, Paciano A. Jr. |
||
| 700 |
_929652 _aSalarda, Apple Mae A. |
||
| 700 |
_929653 _aTorres, Shane T. |
||
| 942 |
_2ddc _cUT |
||